| 000 | 00795nam a2200181Ia 4500 | ||
|---|---|---|---|
| 008 | 151202s9999||||xx |||||||||||||| ||und|| | ||
| 082 | _bPNVM-73798 | ||
| 100 | _aदेशपांडे कृ. पं./देशपांडे शुभदा. | ||
| 245 | _aभारतीय मातृकथा खंड 1. | ||
| 260 | _b"गंधर्व - वेद प्रकाशन, पुणे." | ||
| 260 | _c73798 | ||
| 300 | _a504 | ||
| 600 | _aदेशपांडे कृ. पं./देशपांडे शुभदा. | ||
| 630 | _aभारतीय मातृकथा खंड 1. | ||
| 700 | _aदेशपांडे कृ. पं./देशपांडे शुभदा. | ||
| 730 | _aभारतीय मातृकथा खंड 1. | ||
| 942 | _cBOOK | ||
| 999 |
_c1340461 _d1340458 |
||